| 000 | 00547nam a2200193Ia 4500 | ||
|---|---|---|---|
| 003 | SGT | ||
| 020 | _a9780070658363 | ||
| 082 |
_a5.432 _bROS |
||
| 100 | _aRosen,Kenneth | ||
| 245 | 4 | _aThe complete reference unix | |
| 250 | _a2nd Ed. | ||
| 260 |
_bTata McGraw Hill Education Private Limited _aNew Delhi _c2007 |
||
| 300 | _a873p. | ||
| 650 | _aCOMPUTER SCIENCE | ||
| 653 | _aBASICS,USER NETWORKING,SYSTEM ADMINISTRATION,NETWORK ADMINISTRATION,TOOLS AND PROGRAMMING, | ||
| 700 | _aHost,Dougles | ||
| 700 | _aKlee,Rachel | ||
| 942 |
_2ddc _cBK _01 |
||
| 999 |
_c4995 _d4995 |
||